000 01067njm a2200277 i 4500
001 4738
003 ES-MaACL
005 20250721062549.0
007 s|r|||||||||||
008 070809s1975 sp ||| g ||||||||1|nspa d
100 1 _aFunes Robert, Manuel.
_953028
245 1 0 _aPrograma económico para el futuro [
_hGrabación sonora] /
_cinterviene Manuel Funes Robert.
260 _aMadrid :
_bAteneo de Madrid,
_c1975.
300 _a2 discos (CD-DA) (1 h. 32 min. 52 seg.) ;
_c12 cm.
490 1 _aCiclo de Economía
500 _aDatos basados en la invitación.
518 _aActo organizado por el Ateneo de Madrid, grabado en el salón de actos el martes 9 de diciembre de 1975, a las 19:30 h.
610 2 4 _aAteneo de Madrid-
_xActos culturales-
_y1975-
_vGrabaciones sonoras.
_91885
650 1 7 _aEconomía
_2embne
_912006
710 2 _aAteneo de Madrid.
_91875
830 0 _aCiclo de Economía
_9177152
852 _aES-MaACL
_cROT
_jROT 3/4/28
_94855
852 _aES-MaACL
_cROT
_jROT 3/4/29
_9202980
942 _2udc
_cCDROM
999 _c4738
_d4738